| 000 | 00667cam a2200241 a 4500 | ||
|---|---|---|---|
| 001 | 645571 | ||
| 005 | 20180215085331.0 | ||
| 008 | 930923s1992 sa a 001 0 eng | ||
| 010 | _a 93210418 | ||
| 020 | _a186825285X | ||
| 040 |
_aDLC _cDLC |
||
| 041 | _aeng | ||
| 043 | _af-sa--- | ||
| 080 | _a916.800222 HEM | ||
| 082 | 0 | 0 |
_a916.800222 HEM _220 |
| 100 | 1 | _a42 | |
| 101 | _aGJE | ||
| 245 | 1 | 0 |
_aSouth Africa from the air / _cHerman Potgieter. |
| 906 |
_a7 _bcbc _corignew _d3 _encip _f19 _gy-gencatlg |
||
| 942 |
_2ddc _cBK |
||
| 999 |
_c42685 _d42685 |
||